Kötődések és lehetőségek - Hauser Arnold: Találkozásaim Lukács Györggyel. Akadémiai, Bp. 1978.
Elmentve itt :
| Szerző: | |
|---|---|
| Adatforrás: | Philobibl |
| Forrásdokumentuma: | Filozófiai Figyelő 2 1980/3-4., 116-121. p. |
| Dokumentumtípus: | Cikk |
| Nyelv: | magyar |
| LEADER | 00389nab a2200097 c 4500 | ||
|---|---|---|---|
| 001 | bibDOK00002133 | ||
| 005 | 20200924115844.1 | ||
| 008 | 060518s1980 hu hun | ||
| 100 | 1 | |a Karácsony András Péter | |
| 245 | 1 | 0 | |a Kötődések és lehetőségek - Hauser Arnold: Találkozásaim Lukács Györggyel. Akadémiai, Bp. 1978. |c Karácsony András Péter |
| 773 | 0 | |t Filozófiai Figyelő 2 |g 1980/3-4., 116-121. p. | |